The Ten Basic Math Symbols - Statistics

General Stats
  • This quiz has been taken 60 times
  • The average score is 8 of 10
Answer Stats
Hint Answer % Correct
- Minus
100%
+ Plus
100%
/ Divide
91%
% Percent
89%
< Less Than
87%
= Equals
85%
> Greater Than
85%
* Times
85%
() Parentheses
45%
. Decimal Point
38%
No matching quizzes found
Score Distribution
Percent of People with Each Score
Percentile by Number Answered
Your Score History
You have not taken this quiz